000
00297nam a2200121Ia 4500
005
20251222143307.0
008
251222s9999||||xx |||||||||||||| ||spa||
082
_a
891.31/C539G
100
_a
Chéjov, Antón
245
0
_a
La Gaviota - El Jardín de los Cerezos
264
_b
Planeta
942
_c
LIB
999
_c
15570
_d
15570